Plant anatomy; រុក្ខកាយវិភាគវិទ្យា (Record no. 9465)
[ view plain ]
| 000 -LEADER | |
|---|---|
| fixed length control field | 00300nam a22001217a 4500 |
| 040 ## - CATALOGING SOURCE | |
| Transcribing agency | SK |
| 082 ## - DEWEY DECIMAL CLASSIFICATION NUMBER | |
| Classification number | 581 |
| 100 ## - MAIN ENTRY--AUTHOR NAME | |
| Personal name | NGIN CHHAY; ងឹន ឆាយ |
| 245 ## - TITLE STATEMENT | |
| Title | Plant anatomy; រុក្ខកាយវិភាគវិទ្យា |
| 260 ## - PUBLICATION, DISTRIBUTION, ETC. (IMPRINT) | |
| Place of publication | RUA |
| Name of publisher | NGI |
| Year of publication | 1994 |
| 300 ## - PHYSICAL DESCRIPTION | |
| Number of Pages | 48p. |
| 942 ## - ADDED ENTRY ELEMENTS (KOHA) | |
| Koha item type | សៀវភៅភាសាខ្មែរ |
| 952 ## - LOCATION AND ITEM INFORMATION (KOHA) | |
| Withdrawn status [LOCAL, KOHA] | 0 |
| 952 ## - LOCATION AND ITEM INFORMATION (KOHA) | |
| Withdrawn status [LOCAL, KOHA] | 0 |
| 952 ## - LOCATION AND ITEM INFORMATION (KOHA) | |
| Withdrawn status [LOCAL, KOHA] | 0 |
| Permanent Location | Date acquired | Koha item type | Lost status | Shelving location | Barcode | Current Location | Full call number |
|---|---|---|---|---|---|---|---|
| Library Block C | 2016-09-01 | សៀវភៅភាសាខ្មែរ | C169 | RUA060878 | Library Block C | 581 NGI 1994 C169 | |
| Library Block C | 2016-09-05 | សៀវភៅភាសាខ្មែរ | C173 | RUA046153 | Library Block C | 581 ងិន 1994 C173 | |
| Library Block C | 2016-09-05 | សៀវភៅភាសាខ្មែរ | RUA045565 | Library Block C | 581 ងិន 1994 |